Southville International School and Colleges
Your cart is empty.
  • Cart
  • Lists
    Public lists Eva Luna New books Lux_list list_1
    Your lists Log in to create your own lists
  • Log in to your account
  • Your cookies
  • Search history
Southville International School and Colleges
  • Advanced search
  • Recent comments
  • Most popular
  • Libraries

Log in to your account

Log in with GOOGLE


If you do not have an external account, but do have a local account, you can still log in:

  1. Home
  2. MARC view: Perceiving the Arts :
Normal view MARC view ISBD view

Perceiving the Arts : (Record no. 39366)

[ view plain ]
MARC details
000 -LEADER
fixed length control field 00603nam a2200205 a 4500
003 - CONTROL NUMBER IDENTIFIER
control field PILC
005 - DATE AND TIME OF LATEST TRANSACTION
control field 20160216100506.0
008 - FIXED-LENGTH DATA ELEMENTS--GENERAL INFORMATION
fixed length control field 051004s19uu xx 00 eng d
020 ## - INTERNATIONAL STANDARD BOOK NUMBER
International Standard Book Number 0131931148
050 ## - LIBRARY OF CONGRESS CALL NUMBER
Classification number BH 39
Item number .Sp66 2006
100 ## - MAIN ENTRY--PERSONAL NAME
Personal name Sporre, Dennis J.
245 ## - TITLE STATEMENT
Title Perceiving the Arts :
Remainder of title an introduction to the humanities /
Statement of responsibility, etc Dennis J. Sporre
250 ## - EDITION STATEMENT
Edition statement 8th edition.
260 ## - PUBLICATION, DISTRIBUTION, ETC. (IMPRINT)
Place of publication, distribution, etc New Jersey :
Name of publisher, distributor, etc Perason/Prentice Hall,
Date of publication, distribution, etc 2006.
300 ## - PHYSICAL DESCRIPTION
Extent 282 pages :
Other physical details color illustrations ;
Dimensions 24 cm.
650 ## - SUBJECT ADDED ENTRY--TOPICAL TERM
Topical term or geographic name as entry element Arts
General subdivision Philosophy.
650 ## - SUBJECT ADDED ENTRY--TOPICAL TERM
Topical term or geographic name as entry element Aesthetics.
942 ## - ADDED ENTRY ELEMENTS (KOHA)
Koha item type Books
Source of classification or shelving scheme Library of Congress Classification
Call number prefix Foreign
Holdings
Withdrawn status Lost status Source of classification or shelving scheme Damaged status Home library Current library Shelving location Date acquired Source of acquisition Cost, normal purchase price Total Checkouts Full call number Barcode Date last seen Copy number Price effective from Koha item type
    Library of Congress Classification   College Library College Library General Circulation Section 10/04/2005 Library Fund 2595.00   BH 39 .Sp66 2006 C6350 05/15/2018 1 10/10/2013 Books

Perceiving the Arts :

APA

Sporre D. J., . (2006). Perceiving the Arts. New Jersey: Perason/Prentice Hall.

Chicago

Sporre Dennis J, . 2006. Perceiving the Arts. New Jersey: Perason/Prentice Hall.

Harvard

Sporre D. J., . (2006). Perceiving the Arts. New Jersey: Perason/Prentice Hall.

MLA

Sporre Dennis J, . Perceiving the Arts. New Jersey: Perason/Prentice Hall. 2006.

  • Place hold
  • Print
  • Cite
  • Add to your cart (remove)
  • Save record
    BIBTEX Dublin Core MARCXML MARC (non-Unicode/MARC-8) MARC (Unicode/UTF-8) MARC (Unicode/UTF-8, Standard) MODS (XML) RIS
  • More searches
    Search for this title in:
    Other Libraries (WorldCat) Other Databases (Google Scholar) Online Stores (Bookfinder.com) Open Library (openlibrary.org)

Exporting to Dublin Core...

SOUTHVILLE LIBRARY

Southville International School and Colleges Library

1281 Tropical Ave. Cor. Luxembourg St., BF Homes International, Las Pinas City

Tel. No. 8256374 / 252358 Loc. 117/146

Powered by Koha